000 00444nam a22001577a 4500
003 OSt
005 20151105143918.0
008 151105b xxu||||| |||| 00| 0 eng d
040 _cRUA
082 _aFOR ហ៊ូ 1994 B119 Or.1
100 _93398
_aហ៊ូ កល្យាណ
245 _aការកែច្នៃឈើនៅកម្ពុជា
260 _aPhnom Penh
_bRUA
_c1994
300 _a50p.
_bill.
_c29cm.
942 _2ddc
_cFOR
999 _c3170
_d3170